| 000 | 00488nam a22001577a 4500 | ||
|---|---|---|---|
| 003 | OSt | ||
| 005 | 20151027142247.0 | ||
| 008 | 151027b xxu||||| |||| 00| 0 eng d | ||
| 040 | _cRUA | ||
| 082 | _aVTF DO 2011 B113 Or.1 | ||
| 100 |
_92958 _aDO, DEN. |
||
| 245 | _aStudy on growth rate of CP-AVIAN by using CP feed and concentrate of broken rice and soybean at royal university of agriculture, | ||
| 260 |
_aPhnom Pneh _bRUA _c2011 |
||
| 300 |
_aix; 34p. _bill. _c29cm. |
||
| 942 |
_2ddc _cVTF` |
||
| 999 |
_c2773 _d2773 |
||